000 00536nam a2200157Ia 4500
008 150610s9999 xx 000 0 und d
020 _a9789712724213
050 _aLB1048.5
_b .C47l 2010  
100 _aChua, Queena N. Lee
245 _aLearning what parents, students, and teachers should know /
_cQueena N. Lee-Chua.
260 _aManila :
_bPublished and exclusively distributed by Anvil Pub.,
_c2010.
300 _a208pages :
_billustrations ;
_c22 cm.
520 _aEducation
650 _xParenting.
650 _xTeaching.
999 _c288109
_d288109